• 首页
  • 本馆介绍
  • 公告通知
  • 最新文献
  • 馆藏检索
  • 电子资源
  • 读者导购
  • 参考咨询
  • 我的图书馆
  • 登录
  • 详细信息显示
  • 放入我的书架
  • 预约/预借图书
  • 作者相关作品
  • 分类相关作品
  • 丛书相关作品
  • 出版社相关作品

书目信息

  • 表格格式
  • 工作单格式
  • 卡片格式
题名:
数学史话
    
 
作者: 王渝生 编著
分册:  
出版信息: 上海   上海科学技术文献出版社  2019.04
页数: 320页
开本: 24cm
丛书名: 中国科技史话丛书
单 册:
中图分类: O112-49
科图分类:
主题词: 数学史--shu xue shi--中国--普及读物
电子资源:
ISBN: 978-7-5439-7814-0
000 00945nam 2200265 450
001 0109110230
005 20201109110339.0
010    @a978-7-5439-7814-0@dCNY88.00
100    @a20190612d2019 em y0chiy50 ea
101 0  @achi
102    @aCN@b310000
105    @aa z 000yy
106    @ar
200 1  @a数学史话@Ashu xue shi hua@f王渝生编著
210    @a上海@c上海科学技术文献出版社@d2019.04
215    @a320页@c图@d24cm
225 2  @a中国科技史话丛书@Azhong guo ke ji shi hua cong shu
300    @a插画本上海出版资金项目“十三五”国家重点图书出版规划项目
330    @a本书以图文方式介绍了中国先秦到清末的算学家和算学著作、统算学理论和计算方法、中国古代历法计算中的数学方法、算学教育与中外交流。
461  0 @12001 @a中国科技史话丛书
606 0  @a数学史@Ashu xue shi@y中国@j普及读物
690    @aO112-49@v5
701  0 @a王渝生@Awang yu sheng@f(1943.8-)@4编著
801  0 @aCN@bBJSZM@c20201103
905    @b1241331-4@dO112-49@e77@f4
    
    数学史话/王渝生编著.-上海:上海科学技术文献出版社,2019.04
    320页:图;24cm.-(中国科技史话丛书)
    插画本上海出版资金项目“十三五”国家重点图书出版规划项目
    
    ISBN 978-7-5439-7814-0:CNY88.00
    本书以图文方式介绍了中国先秦到清末的算学家和算学著作、统算学理论和计算方法、中国古代历法计算中的数学方法、算学教育与中外交流。
●
相关链接 在E读中查询图书 在五车中查询图书 在当当中查询图书 在豆瓣中查询图书


正题名:数学史话     索取号:O112-49/77         预约/预借

序号 登录号 条形码 馆藏地/架位号 状态 备注
1 1241331   212413315   第二样本阅览室/ [索取号:O112-49/77] 在馆    
2 1241332   212413324   第三借阅区/ [索取号:O112-49/77] 在馆    
3 1241333   212413333   第三借阅区/ [索取号:O112-49/77] 在馆    
4 1241334   212413342   第三借阅区/ [索取号:O112-49/77] 在馆    
唐山师范学院图书馆 欢迎您!
大连网信软件有限公司© 版权所有